Holiday Quiz

Random Holiday or Christmas Quiz

Subcategory Multiple Choice: Holiday II Quiz Stats

 Plays Quiz Updated Mar 12, 2019

Score 0/11 Timer 04:00
2 Plays Today
Question Answer Wrong Answers
April Fools' Day
April Fools' Day always occurs on what day in April?
1st
97.4%
4th
0.4%
0th
0.2%
31st
0.3%
Easter
The mascot of Easter is typically portrayed as what animal?
Rabbit
95.8%
Duck
0.4%
Chicken
1.2%
Cat
0.1%
Christmas
Which of these terms is usually not associated with Christmas?
Menorah
94.9%
Manger
2.2%
Candy Cane
2%
Stocking
0.7%
St. Patrick's Day
Which symbol is said to be Saint Patrick's explanation of the Holy Trinity?
Shamrock
92.4%
Cross
3.9%
Stones
0.4%
Gold
0.9%
National Holiday
Which of these is not recognized as a federal holiday in the US?
St. Patrick's Day
85.1%
New Year's Day
3.4%
Columbus Day
6.9%
Memorial Day
2%
Religious Holiday
Which of these is an Islamic holiday?
Eid Al-Fitr
75.5%
Yom Kippur
8.4%
Pentecost
1.4%
Diwali
12%
Holiday Songs
Which Christmas song has been played on the radio more than any other?
White Christmas
71.6%
Winter Wonderland
11.1%
Sleigh Ride
4.1%
Frosty the Snowman
12.4%
Carol
Which of these popular holiday tunes mentions Santa?
The Christmas Song
68.2%
Twelve Days of Christmas
2.6%
Jingle Bells
25.9%
Away in a Manger
1.9%
Thanksgiving
Which NFL teams host football games every Thanksgiving?
Cowboys & Lions
62.3%
Packers & Redskins
12.8%
Patriots & Bears
16.7%
Dolphins & Steelers
6.2%
Valentine's Day
In 1868, which British chocolate company created Fancy Boxes – a decorated box of chocolates – in the shape of a heart for Valentine's Day?
Cadbury
53.3%
Hershey
24.2%
Haribo
8.6%
Wrigley
11.7%
Halloween
In 2016, which Halloween candy was most common in the US?
Candy Corn
46.6%
Snickers
27.5%
Twix
5.7%
Skittles
20.2%

You're not logged in!

Compare scores with friends on all Sporcle quizzes.
OR
Log In

You Might Also Like...

Show Comments

Extras

Top Quizzes Today


Score Distribution

Your Account Isn't Verified!

In order to create a playlist on Sporcle, you need to verify the email address you used during registration. Go to your Sporcle Settings to finish the process.

Report this User

Report this user for behavior that violates our Community Guidelines.

Details: